000 00457nmm a2200157Ia 4500
008 251105s9999||||xx |||||||||||||||||und||
020 _a9789588371641
041 _aspa
100 _aGrupo Editorial Nueva Legislación LTDA
245 0 _aEstatuto Tributario de Bogotá
264 _a[Bogotá, Colombia] :
_bNueva Legislacion,
_c2011
300 _a612 páginas
650 _aLaw
856 _uhttps://public.digitaliapublishing.com/a/13604
942 _cCF
999 _c96588
_d96588